Réinventer l’école sous le regard des enfants pauvres (notice n° 1608510)

détails MARC
000 -LEADER
fixed length control field 01498cam a2200133 4500500
005 - DATE AND TIME OF LATEST TRANSACTION
control field 20251228142623.0
041 ## - LANGUAGE CODE
Language code of text/sound track or separate title fre
042 ## - AUTHENTICATION CODE
Authentication code dc
100 10 - MAIN ENTRY--PERSONAL NAME
Personal name Wavelet, Jean-Michel
Relator term author
245 00 - TITLE STATEMENT
Title Réinventer l’école sous le regard des enfants pauvres
260 ## - PUBLICATION, DISTRIBUTION, ETC.
Name of publisher, distributor, etc. L'Harmattan,<br/>
Date of publication, distribution, etc. 2025.<br/>
520 ## - SUMMARY, ETC.
Summary, etc. Trois fils d’ouvriers, trois fils de pauvres, trois enfants de l’ignorance et de l’analphabétisme ont pu, voulu et su briser tous les déterminismes sociaux. Sous l’effet de la massification scolaire, ils ont bousculé leur médiocre destin pour de plus grands desseins. L’école les a accueillis, instruits et transformés. Peut-elle encore le faire de nos jours&amp;#8239;?Les parcours exceptionnels de Bachelard, Camus et Péguy, nous invitent à repenser l’école. Ces hommes n’ont pas réduit des élèves à des produits, des enfants à des nombres, des habits à des uniformes, des professeurs à des coûts et des résultats à des plus-values. Loin d’imaginer une intelligence artificielle dépourvue de sujet pensant et sentant, des machines enseignantes et des enseignants-machines, des maîtres automatiques, ils ont conçu une formation vivante et construit les liens entre les générations qui forgent notre culture. Ne faudrait-il pas emprunter leur chemin pour réinventer une école plus humaine&amp;#8239;?
856 41 - ELECTRONIC LOCATION AND ACCESS
Uniform Resource Identifier <a href="https://shs.cairn.info/reinventer-lecole-sous-le-regard-des-enfants-pauvres--9782336558035?lang=fr&redirect-ssocas=7080">https://shs.cairn.info/reinventer-lecole-sous-le-regard-des-enfants-pauvres--9782336558035?lang=fr&redirect-ssocas=7080</a>

Pas d'exemplaire disponible.

PLUDOC

PLUDOC est la plateforme unique et centralisée de gestion des bibliothèques physiques et numériques de Guinée administré par le CEDUST. Elle est la plus grande base de données de ressources documentaires pour les Étudiants, Enseignants chercheurs et Chercheurs de Guinée.

Adresse

627 919 101/664 919 101

25 boulevard du commerce
Kaloum, Conakry, Guinée

Réseaux sociaux

Powered by Netsen Group @ 2025